[Event "BL 8182 Erlangen-Delmenhorst"]
[Site "?"]
[Date "1982.??.??"]
[Round "?.4"]
[White "Stoll, J."]
[Black "Dornieden, M."]
[Result "1-0"]
[WhiteElo "2225"]
[BlackElo "2325"]
[PlyCount "155"]
[EventDate "1982.??.??"]

1. d4 g6 2. c4 Bg7 3. Nf3 d6 4. Nc3 Bg4 5. h3 Bxf3 6. gxf3 Nd7 7. Qd2 e5 8.
dxe5 Nxe5 9. f4 Nxc4 10. Qd5 Nb6 11. Qxb7 Ne7 12. Bg2 O-O 13. O-O a6 14. Be3
Rb8 15. Qxa6 Nf5 16. Bd2 Qd7 17. Qd3 Rfe8 18. b3 c5 19. Rae1 Nd4 20. e3 Nf5 21.
Kh2 Red8 22. Ne4 Qe7 23. Rc1 Rdc8 24. Nc3 Qa7 25. Rfd1 c4 26. bxc4 Nxc4 27. Qe2
Nxd2 28. Qxd2 Bxc3 29. Rxc3 Rxc3 30. Qxc3 Qxa2 31. Rd2 Qb3 32. Qxb3 Rxb3 33.
Be4 Rb5 34. Bxf5 Rxf5 35. Rxd6 Ra5 36. Kg3 Ra3 37. Rd2 Kg7 38. Kg4 Ra1 39. Rd3
Rg1+ 40. Kf3 Rh1 41. Kg2 Re1 42. Rd6 Kf8 43. f5 gxf5 44. Rf6 Kg7 45. Rxf5 f6
46. Ra5 Kg6 47. Ra4 Rb1 48. Kf3 Rh1 49. Kg2 Rb1 50. Rf4 Ra1 51. Rd4 Rb1 52. Rc4
Ra1 53. Rc7 Rb1 54. Re7 Ra1 55. e4 Ra3 56. f3 Ra1 57. Rb7 Rc1 58. Rb3 Ra1 59.
f4 Re1 60. Rg3+ Kf7 61. Kf3 Kf8 62. Rg2 Kf7 63. Rb2 Kg6 64. Rb6 Kg7 65. Rb7+
Kg8 66. h4 Rg1 67. h5 Re1 68. Ra7 Rg1 69. Re7 Re1 70. Kg4 Kf8 71. Re6 Kg7 72.
Kf5 Rf1 73. Rxf6 Rxf4+ 74. Kxf4 Kxf6 75. e5+ Ke6 76. Ke4 Ke7 77. Kf5 Kf7 78.
e6+ 1-0

[Event "BL 8182 Markth'feld-FH Hamburg"]
[Site "?"]
[Date "1982.??.??"]
[Round "?.1"]
[White "Wockenfuss, K."]
[Black "Goehring, K."]
[Result "1/2-1/2"]
[WhiteElo "2380"]
[BlackElo "2320"]
[PlyCount "132"]
[EventDate "1982.??.??"]

1. d4 Nf6 2. c4 e6 3. Nc3 Bb4 4. g3 c5 5. Nf3 cxd4 6. Nxd4 O-O 7. Bg2 d5 8.
cxd5 Nxd5 9. Bd2 Nxc3 10. bxc3 Bc5 11. O-O Nd7 12. Rb1 Nb6 13. Nb3 Be7 14. Na5
Qc7 15. c4 Rb8 16. Qb3 Nd7 17. Qb2 Bc5 18. Bc3 f6 19. Bb4 Re8 20. Rfc1 Bxb4 21.
Qxb4 Nc5 22. Nb3 Na6 23. Qc3 b6 24. Qe3 Bd7 25. Nd4 Nc5 26. Nb5 Bxb5 27. cxb5
Red8 28. Rd1 Rxd1+ 29. Rxd1 Rd8 30. Qc1 Rxd1+ 31. Qxd1 Qd7 32. Qc2 Qxb5 33. h4
Qd7 34. Bf3 Qd4 35. h5 b5 36. e3 Qd6 37. h6 a5 38. hxg7 Kxg7 39. Qc3 b4 40. Qc4
f5 41. Qb5 Qc7 42. Qc4 e5 43. Bd1 Qd6 44. Bh5 Qe7 45. Bd1 Kf6 46. Be2 Kg6 47.
Qg8+ Kf6 48. Qh8+ Kg6 49. Qg8+ Kf6 50. Qh8+ Ke6 51. Bc4+ Kd6 52. Qa8 Qc7 53.
Qd5+ Ke7 54. Qf7+ Kd6 55. Qf6+ Kd7 56. Bb5+ Kc8 57. Bc6 Nb7 58. Qf8+ Nd8 59.
Qxf5+ Kb8 60. Bd5 Nb7 61. Qd3 Nc5 62. Qb5+ Ka7 63. e4 Qb6 64. Qe8 Qc7 65. Qb5
Qb6 66. Qe8 Qc7 1/2-1/2

[Event "BL 8182 Markth'feld-FH Hamburg"]
[Site "?"]
[Date "1982.??.??"]
[Round "?.2"]
[White "Bartsch, B."]
[Black "Fries Nielsen, J."]
[Result "0-1"]
[WhiteElo "2265"]
[BlackElo "2350"]
[PlyCount "58"]
[EventDate "1982.??.??"]

1. e4 e5 2. Nc3 d6 3. Bc4 Nf6 4. d3 Nc6 5. f4 Na5 6. f5 Nxc4 7. dxc4 Be7 8. Be3
c6 9. Qf3 b5 10. cxb5 cxb5 11. a3 Bb7 12. Rd1 Rc8 13. Nge2 Rc4 14. Ng3 h5 15.
Bg5 h4 16. Bxf6 gxf6 17. Nf1 Qa5 18. Nd2 Rd4 19. Nb3 Rxe4+ 20. Kf1 Qc7 21. Nxe4
Qc4+ 22. Qe2 Bxe4 23. Rd2 h3 24. Rg1 hxg2+ 25. Rxg2 Bxg2+ 26. Kxg2 Rg8+ 27. Kf2
Qh4+ 28. Ke3 Qf4+ 29. Kd3 d5 0-1

[Event "BL 8182 Markth'feld-FH Hamburg"]
[Site "?"]
[Date "1982.??.??"]
[Round "?.3"]
[White "Rosin, W."]
[Black "Riefner, E."]
[Result "0-1"]
[WhiteElo "2265"]
[BlackElo "2245"]
[PlyCount "124"]
[EventDate "1982.??.??"]

1. d4 Nf6 2. Nf3 g6 3. Nbd2 d5 4. g3 Bg7 5. Bg2 O-O 6. O-O c6 7. Re1 Bf5 8. Nh4
Be6 9. c3 Nbd7 10. f3 g5 11. e4 gxh4 12. e5 Ne8 13. gxh4 f6 14. f4 fxe5 15.
fxe5 Nc7 16. Re3 Bf5 17. Rg3 Kh8 18. Nf3 Ne6 19. h5 h6 20. Nh4 Ng5 21. Bxg5
hxg5 22. Ng6+ Bxg6 23. hxg6 Bh6 24. Qh5 Kg7 25. Rh3 Rh8 26. Rf1 Nf6 27. exf6+
exf6 28. Rhf3 Rf8 29. h4 gxh4 30. Qxh4 Qe8 31. Re1 Qxg6 32. Rg3 Bg5 33. Qg4
Rae8 34. Qd7+ Qf7 35. Qxf7+ Kxf7 36. Rxe8 Rxe8 37. Bf3 Re1+ 38. Kg2 Ra1 39. c4
Rxa2 40. Bh5+ Ke6 41. cxd5+ cxd5 42. Rb3 Bc1 43. Rxb7 Rxb2+ 44. Rxb2 Bxb2 45.
Kf3 Bxd4 46. Bg4+ Ke5 47. Bd7 f5 48. Bb5 Bb6 49. Ba6 Bc7 50. Ke3 f4+ 51. Kd3
Bb6 52. Ke2 Ke4 53. Bd3+ Kd4 54. Ba6 Kc3 55. Kf3 d4 56. Kxf4 d3 57. Ke4 d2 58.
Be2 Kc2 59. Kd5 d1=Q+ 60. Bxd1+ Kxd1 61. Kc4 Kc2 62. Kb5 Kb3 0-1

[Event "BL 8182 Markth'feld-FH Hamburg"]
[Site "?"]
[Date "1982.??.??"]
[Round "?.4"]
[White "Meinberger, L."]
[Black "Kordsachia, T."]
[Result "1/2-1/2"]
[WhiteElo "2240"]
[BlackElo "2350"]
[PlyCount "108"]
[EventDate "1982.??.??"]

1. e4 c6 2. d3 d5 3. Nd2 g6 4. g3 Bg7 5. Bg2 e5 6. Ngf3 Ne7 7. O-O O-O 8. Re1
f6 9. c3 Na6 10. Qc2 dxe4 11. dxe4 Be6 12. Bf1 Qc7 13. Nc4 Rfd8 14. Be3 Nc8 15.
a4 Bf8 16. b4 Qf7 17. Qe2 Nb8 18. Nfd2 b6 19. Red1 Nd7 20. h3 Kh8 21. Kh2 g5
22. Bg2 Nd6 23. Nxd6 Bxd6 24. Bf1 Bc7 25. Nc4 Nf8 26. Kg1 Qg6 27. Qf3 Rxd1 28.
Rxd1 g4 29. Qh1 gxh3 30. Be2 Qg8 31. Nd2 Rd8 32. Qf3 Qg6 33. Kh2 Rd7 34. Rb1
Rg7 35. Rd1 Rd7 36. Ra1 Rf7 37. a5 f5 38. exf5 Bxf5 39. axb6 Bxb6 40. Bxb6 axb6
41. Qe3 Nd7 42. Ra8+ Kg7 43. Nf3 Re7 44. Ra7 e4 45. Ng1 Qf6 46. Nxh3 Ne5 47.
Rxe7+ Qxe7 48. Qg5+ Qxg5 49. Nxg5 Kf6 50. Nh3 Bxh3 51. Kxh3 Nd3 52. Kg2 c5 53.
bxc5 bxc5 54. f3 Ne1+ 1/2-1/2

[Event "BL 8182 Markth'feld-FH Hamburg"]
[Site "?"]
[Date "1982.??.??"]
[Round "?.6"]
[White "Oechslein, R."]
[Black "Gergs, W."]
[Result "1-0"]
[WhiteElo "2205"]
[BlackElo "2240"]
[PlyCount "83"]
[EventDate "1982.??.??"]

1. e4 e5 2. Nf3 Nc6 3. d4 exd4 4. Bc4 Be7 5. O-O Nf6 6. Nxd4 O-O 7. Nxc6 bxc6
8. e5 Ne4 9. Qf3 Nc5 10. Be3 Ba6 11. Bxa6 Nxa6 12. Nc3 Nc5 13. Rad1 f6 14. Bxc5
Bxc5 15. Qg4 d6 16. Qc4+ Kh8 17. Ne4 Qe7 18. exf6 gxf6 19. Nxc5 dxc5 20. Rfe1
Rad8 21. g3 Rxd1 22. Rxd1 Re8 23. Qf4 Rd8 24. Rxd8+ Qxd8 25. Qf5 Qd1+ 26. Kg2
Qd5+ 27. Qxd5 cxd5 28. b3 Kg7 29. Kf3 Kf7 30. Kf4 Ke6 31. g4 c6 32. h3 a6 33.
f3 a5 34. h4 a4 35. bxa4 c4 36. a5 Kd6 37. Ke3 c5 38. f4 d4+ 39. Ke2 c3 40. a6
Kc6 41. g5 fxg5 42. fxg5 1-0

[Event "BL 8182 Solingen-Zähringen"]
[Site "?"]
[Date "1982.??.??"]
[Round "?.1"]
[White "Siegel, G."]
[Black "Kavalek, L."]
[Result "0-1"]
[WhiteElo "2300"]
[BlackElo "2595"]
[PlyCount "124"]
[EventDate "1982.??.??"]

1. e4 e5 2. Nf3 Nc6 3. d4 exd4 4. Nxd4 Bc5 5. Nxc6 Qf6 6. Qd2 bxc6 7. Bd3 Ne7
8. O-O O-O 9. Nc3 Ng6 10. Na4 Be7 11. b3 d6 12. Bb2 Qf4 13. Qa5 d5 14. Qc3 Bf6
15. Qxc6 Bh3 16. f3 Qg5 17. Rf2 Bxb2 18. Nxb2 Nf4 19. Bf1 Rad8 20. Nd3 Bd7 21.
Qxc7 Nh3+ 22. Kh1 Nxf2+ 23. Nxf2 Qe3 24. Qg3 Qc3 25. Rc1 Qd2 26. Rd1 Qxc2 27.
exd5 Qxa2 28. Bc4 Qc2 29. Re1 Bf5 30. Ne4 a5 31. Qf4 Bxe4 32. fxe4 Qc3 33. Rc1
Qd4 34. Qf3 Rfe8 35. Rf1 f6 36. Bd3 Re5 37. Qg3 Re7 38. h3 Qe5 39. Qg4 Qd4 40.
Rd1 Kh8 41. Qf3 Ra7 42. Bc4 Qe5 43. Qd3 Re7 44. Qd2 Ra7 45. Qe3 Re7 46. Qc5 Qc7
47. Qd4 Qd6 48. Ra1 Ra8 49. Qc3 Rxe4 50. Rxa5 Rae8 51. Ra1 h6 52. Bb5 Rd8 53.
Rd1 f5 54. Bc6 f4 55. Rf1 Rf8 56. Rf3 Re3 57. Qd4 Rxf3 58. gxf3 Rf5 59. b4 Re5
60. b5 Re1+ 61. Kh2 Re2+ 62. Kh1 Qa3 0-1

[Event "BL 8182 Solingen-Zähringen"]
[Site "?"]
[Date "1982.??.??"]
[Round "?.2"]
[White "Hecht, H."]
[Black "Herbrechtsmeier, C."]
[Result "1-0"]
[WhiteElo "2460"]
[BlackElo "2330"]
[PlyCount "37"]
[EventDate "1982.??.??"]

1. Nf3 Nf6 2. c4 d5 3. cxd5 Nxd5 4. d4 g6 5. e4 Nb6 6. Nc3 Bg7 7. Be3 O-O 8. a4
Bg4 9. a5 Bxf3 10. Qxf3 Nc8 11. e5 c6 12. Bc4 e6 13. h4 Re8 14. h5 Nd7 15. Ne4
Qe7 16. hxg6 fxg6 17. O-O-O Qb4 18. Ba2 Qxa5 19. Ng5 1-0

[Event "BL 8182 Solingen-Zähringen"]
[Site "?"]
[Date "1982.??.??"]
[Round "?.3"]
[White "Schuh, H."]
[Black "Lau, R."]
[Result "1/2-1/2"]
[WhiteElo "2275"]
[BlackElo "2405"]
[PlyCount "36"]
[EventDate "1982.??.??"]

1. d4 Nf6 2. Nf3 e6 3. c4 b6 4. e3 Bb7 5. Bd3 Bb4+ 6. Bd2 Be7 7. O-O O-O 8. Bc3
c5 9. Qc2 cxd4 10. Bxd4 h6 11. a3 d6 12. Nbd2 Nbd7 13. Rad1 Rc8 14. Qb1 Rc7 15.
Rfe1 Qa8 16. Bf1 Rd8 17. b4 Bf8 18. Qa1 Rdc8 1/2-1/2

[Event "BL 8182 Solingen-Zähringen"]
[Site "?"]
[Date "1982.??.??"]
[Round "?.4"]
[White "Dueball, J."]
[Black "Raupp, T."]
[Result "1/2-1/2"]
[WhiteElo "2455"]
[BlackElo "2230"]
[PlyCount "43"]
[EventDate "1982.??.??"]

1. e4 c5 2. Nf3 e6 3. d3 d5 4. Nbd2 Nc6 5. g3 Bd6 6. Bg2 Nge7 7. O-O O-O 8. Nh4
b6 9. f4 dxe4 10. dxe4 Bc7 11. e5 Ba6 12. Re1 Qd4+ 13. Kh1 Rad8 14. Qf3 Na5 15.
Nb3 Qa4 16. Nxa5 Qxa5 17. Be3 Bc4 18. Qf2 Rd7 19. Nf3 Bd5 20. b3 Rfd8 21. c4
Bc6 22. Ng5 1/2-1/2

[Event "BL 8182 Solingen-Zähringen"]
[Site "?"]
[Date "1982.??.??"]
[Round "?.5"]
[White "Bassler, M."]
[Black "Lehmann, H."]
[Result "0-1"]
[WhiteElo "2235"]
[BlackElo "2335"]
[PlyCount "114"]
[EventDate "1982.??.??"]

1. c4 Nf6 2. Nc3 d5 3. cxd5 Nxd5 4. Nf3 g6 5. e4 Nxc3 6. bxc3 Bg7 7. d4 O-O 8.
Be3 b6 9. Rb1 Qd7 10. Bd3 Ba6 11. O-O Rd8 12. Bxa6 Nxa6 13. Qb3 c5 14. Qc4 cxd4
15. cxd4 Qb7 16. Rfc1 Rac8 17. Qa4 Nc7 18. d5 e6 19. dxe6 Nxe6 20. Rxc8 Rxc8
21. Rd1 h6 22. Rd7 Rc7 23. Rxc7 Qxc7 24. Qe8+ Kh7 25. h4 Nc5 26. g3 Qb7 27. Nd2
Ne6 28. Qb5 Qe7 29. Nc4 Nd4 30. Qd5 Ne2+ 31. Kh2 Nc3 32. Qa8 Nxe4 33. Qc6 Nf6
34. f3 Ne8 35. a4 h5 36. Kg2 Bf8 37. Kf2 Ng7 38. Kg2 Nf5 39. Bf2 Qe2 40. Qe4
Qxe4 41. fxe4 Nd6 42. Nxd6 Bxd6 43. Kf3 Kg8 44. g4 Kf8 45. gxh5 gxh5 46. Ke2
Ke7 47. Kd3 Kd7 48. Kc4 Kc6 49. Be3 Bg3 50. Bg5 a6 51. Be7 b5+ 52. axb5+ axb5+
53. Kd4 Kd7 54. Bg5 Ke6 55. Bd8 f6 56. Kc5 Bxh4 57. Bc7 Bf2+ 0-1

[Event "BL 8182 Solingen-Zähringen"]
[Site "?"]
[Date "1982.??.??"]
[Round "?.6"]
[White "Westerinen, H."]
[Black "Kiefer, G."]
[Result "1/2-1/2"]
[WhiteElo "2425"]
[BlackElo "2230"]
[PlyCount "105"]
[EventDate "1982.??.??"]

1. e4 c5 2. f4 d5 3. exd5 Qxd5 4. Nc3 Qd8 5. Nf3 g6 6. d4 Bg7 7. Be3 cxd4 8.
Nxd4 a6 9. Qd2 Nf6 10. O-O-O Ng4 11. Bg1 O-O 12. h3 Nf6 13. g4 Nbd7 14. Bg2 e5
15. Nb3 Qc7 16. Bh2 exf4 17. Bxf4 Ne5 18. Rhe1 Nfd7 19. Re4 Nc5 20. Nxc5 Qxc5
21. Na4 Qc6 22. Rxe5 Qxa4 23. Ra5 Qe8 24. Bd6 Be6 25. Bxf8 Qxf8 26. Qd6 Qe8 27.
c3 Rb8 28. Qb6 Bf6 29. Qc7 Bd8 30. Rxd8 Rxd8 31. Re5 Rd7 32. Qb6 Qe7 33. Re1
Qg5+ 34. Qe3 Qxe3+ 35. Rxe3 Bxa2 36. Re8+ Kg7 37. Kc2 Bd5 38. Bxd5 Rxd5 39. Re7
b5 40. Ra7 Rd6 41. g5 Rd5 42. h4 Rd6 43. Kb3 Re6 44. Ka3 Re4 45. Rxa6 Rxh4 46.
Ra5 Rf4 47. Rxb5 h5 48. gxh6+ Kxh6 49. b4 g5 50. Rb8 Kg7 51. b5 g4 52. Rd8 Rf1
53. Rd2 1/2-1/2

[Event "BL 8182 Zähringen-Bochum"]
[Site "?"]
[Date "1982.??.??"]
[Round "?.1"]
[White "Borik, O."]
[Black "Siegel, G."]
[Result "1-0"]
[WhiteElo "2410"]
[BlackElo "2300"]
[PlyCount "99"]
[EventDate "1982.??.??"]

1. Nf3 Nf6 2. c4 e6 3. Nc3 Bb4 4. Qc2 O-O 5. a3 Bxc3 6. Qxc3 c5 7. g3 b6 8. Bg2
Bb7 9. O-O d5 10. d3 d4 11. Qc2 Nbd7 12. b4 e5 13. bxc5 bxc5 14. e4 dxe3 15.
Bxe3 e4 16. dxe4 Bxe4 17. Qc3 Qc7 18. Rfd1 Qb7 19. Ne1 Rfe8 20. Bxe4 Qxe4 21.
Qc2 Qxc2 22. Nxc2 Re4 23. Bg5 Rxc4 24. Ne3 Rc3 25. a4 h6 26. Bf4 Re8 27. Rab1
Ra3 28. Rb7 g5 29. Bd6 Rxa4 30. Nf5 Kh7 31. Rc7 a5 32. h3 Rae4 33. Ne3 Rd4 34.
Kf1 Nd5 35. Rxd4 Nxc7 36. Rd1 Ne6 37. Bc7 Nd4 38. Bxa5 Ne5 39. Bb6 Nb3 40. Rd5
c4 41. Bc7 Nf3 42. Kg2 Nfd2 43. Be5 Rc8 44. Rd7 Kg6 45. Rd6+ Kh7 46. Nf5 f6 47.
Rd7+ Kg6 48. Ne7+ Kf7 49. Nxc8+ Ke6 50. Re7+ 1-0

[Event "BL 8182 Zähringen-Bochum"]
[Site "?"]
[Date "1982.??.??"]
[Round "?.2"]
[White "Vatter, H."]
[Black "Budde, V."]
[Result "0-1"]
[WhiteElo "2230"]
[BlackElo "2355"]
[PlyCount "90"]
[EventDate "1982.??.??"]

1. d4 Nf6 2. Nc3 d5 3. Bg5 Nbd7 4. Nf3 g6 5. Qd3 Bg7 6. O-O-O O-O 7. e4 dxe4 8.
Nxe4 Nxe4 9. Qxe4 Nf6 10. Qh4 Qd5 11. Kb1 Bf5 12. Bd3 Rfe8 13. Rhe1 Bxd3 14.
Rxd3 Qd6 15. Bf4 Qd8 16. Bh6 Bh8 17. Ng5 Qd7 18. h3 Rad8 19. g4 Qa4 20. Nf3 c5
21. Ra3 Qc6 22. dxc5 Qxc5 23. Be3 Qd5 24. Ng5 Bg7 25. Rd3 Qg2 26. Rxd8 Rxd8 27.
Qg3 Qd5 28. Qf3 Qb5 29. Bc1 h6 30. Ne4 Nxe4 31. Qxe4 e6 32. a3 a5 33. Qe2 Qc5
34. Be3 Qd5 35. Bb6 Rd6 36. c4 Qg5 37. Be3 Qe5 38. Bc1 Qd4 39. Be3 Qe4+ 40. Qc2
Qf3 41. c5 Rd5 42. Rc1 b6 43. cxb6 Rb5 44. b3 Qd5 45. Qc4 Rxb3+ 0-1

[Event "BL 8182 Zähringen-Bochum"]
[Site "?"]
[Date "1982.??.??"]
[Round "?.3"]
[White "Paulsen, D."]
[Black "Schuh, H."]
[Result "1/2-1/2"]
[WhiteElo "2290"]
[BlackElo "2275"]
[PlyCount "126"]
[EventDate "1982.??.??"]

1. e4 c5 2. Nf3 d6 3. Bb5+ Nd7 4. d4 Ngf6 5. Nc3 cxd4 6. Qxd4 e5 7. Qd3 h6 8.
O-O Be7 9. Nh4 a6 10. Bxd7+ Bxd7 11. Nf5 Bxf5 12. exf5 O-O 13. Rd1 Rc8 14. Be3
Qd7 15. Rac1 Rfe8 16. h3 b5 17. g4 Qc6 18. Nd5 Nxd5 19. Qxd5 Red8 20. c3 Bg5
21. Qxc6 Rxc6 22. Rd5 Kf8 23. Rcd1 Bxe3 24. fxe3 Ke7 25. Kf2 Rc4 26. Kf3 h5 27.
e4 hxg4+ 28. hxg4 g6 29. a3 gxf5 30. gxf5 Rc6 31. Rh1 Rb8 32. Rh6 Rbb6 33. Rh8
a5 34. Ra8 a4 35. Ra7+ Kf6 36. Rd7 b4 37. cxb4 Rc2 38. R5xd6+ Rxd6 39. Rxd6+
Kg5 40. Rd7 Rxb2 41. Rxf7 Rb3+ 42. Ke2 Rxa3 43. Rg7+ Kf6 44. Rg6+ Kf7 45. Re6
Ra1 46. Kd2 a3 47. Kc2 Re1 48. Kb3 Rxe4 49. Kxa3 Re1 50. Kb2 e4 51. Kc2 e3 52.
b5 Rf1 53. Rxe3 Rxf5 54. b6 Rf2+ 55. Kb1 Rh2 56. Rc3 Rh8 57. Kb2 Rb8 58. Rc6
Ke7 59. Kb3 Kd7 60. Rh6 Rg8 61. Kb4 Rg5 62. b7 Kc7 63. Rb6 Kb8 1/2-1/2

[Event "BL 8182 Zähringen-Bochum"]
[Site "?"]
[Date "1982.??.??"]
[Round "?.4"]
[White "Raupp, T."]
[Black "Wittmann, R."]
[Result "1/2-1/2"]
[WhiteElo "2230"]
[BlackElo "2325"]
[PlyCount "101"]
[EventDate "1982.??.??"]

1. c4 e5 2. Nc3 Nc6 3. Nf3 g6 4. d4 exd4 5. Nxd4 Bg7 6. Nxc6 bxc6 7. g3 Ne7 8.
Bg2 O-O 9. O-O d6 10. Qc2 Be6 11. b3 Qc8 12. Rd1 Bf5 13. e4 Bh3 14. c5 Bxg2 15.
Kxg2 Qe6 16. cxd6 cxd6 17. Bb2 f5 18. Re1 f4 19. f3 g5 20. g4 Ng6 21. Nd1 Bxb2
22. Nxb2 Ne5 23. Nd3 Rac8 24. Rad1 Rfd8 25. Rd2 c5 26. Red1 Nc6 27. Nc1 Nd4 28.
Qd3 d5 29. exd5 Rxd5 30. Ne2 Re5 31. Nxd4 cxd4 32. Qxd4 Re2+ 33. Kf1 Re3 34.
Kf2 Re8 35. Qc4 Qxc4 36. bxc4 Ra3 37. c5 Rc3 38. Rd5 h6 39. R1d3 Re3 40. Rxe3
Rxe3 41. Rd8+ Kf7 42. Rd7+ Ke8 43. Rxa7 Rc3 44. Ke2 Rxc5 45. Kd3 Re5 46. Rh7
Re3+ 47. Kd4 Rxf3 48. Rxh6 Rf2 49. Ke4 Rxa2 50. h4 gxh4 51. Kxf4 1/2-1/2

[Event "BL 8182 Kettig-Bayern"]
[Site "?"]
[Date "1982.??.??"]
[Round "?.1"]
[White "Westermeier, A."]
[Black "Weidemann, J."]
[Result "1/2-1/2"]
[WhiteElo "2320"]
[BlackElo "2285"]
[PlyCount "39"]
[EventDate "1982.??.??"]

1. e4 c5 2. Nf3 Nc6 3. d4 cxd4 4. Nxd4 g6 5. Nc3 Bg7 6. Be3 Nf6 7. Be2 O-O 8.
f4 d5 9. e5 Ne8 10. Qd2 f6 11. exf6 Nxf6 12. O-O-O Ng4 13. Bxg4 Bxg4 14. Rde1
Na5 15. b3 Nc6 16. h3 Bc8 17. Nxc6 bxc6 18. Bd4 Bf6 19. Bxf6 exf6 20. Qd4
1/2-1/2

[Event "BL 8182 Frankfurt-Bamberg"]
[Site "?"]
[Date "1982.??.??"]
[Round "?.1"]
[White "Hartmann, Wo"]
[Black "Sosonko, G."]
[Result "1/2-1/2"]
[WhiteElo "2275"]
[BlackElo "2585"]
[PlyCount "48"]
[EventDate "1982.??.??"]

1. e4 c5 2. Nf3 d6 3. d4 cxd4 4. Nxd4 Nf6 5. Nc3 g6 6. Be3 Bg7 7. Bc4 Ng4 8.
Bb5+ Kf8 9. O-O Be5 10. g3 Nxe3 11. fxe3 Kg7 12. Bc4 e6 13. Rf2 Nc6 14. Nce2 a6
15. Nf4 Qe7 16. c3 Bd7 17. b4 Rac8 18. Bb3 Bf6 19. Qe2 Ne5 20. c4 h5 21. h3 h4
22. g4 Rhf8 23. Rd1 Rc7 24. Rdf1 Rcc8 1/2-1/2

[Event "BL 8182 Frankfurt-Bamberg"]
[Site "?"]
[Date "1982.??.??"]
[Round "?.2"]
[White "Lobron, E."]
[Black "Kestler, H."]
[Result "1/2-1/2"]
[WhiteElo "2395"]
[BlackElo "2405"]
[PlyCount "143"]
[EventDate "1982.??.??"]

1. e4 d6 2. d4 Nf6 3. Nc3 g6 4. Nf3 Bg7 5. h3 O-O 6. Be3 c6 7. a4 Qa5 8. Nd2
Qc7 9. Be2 e5 10. dxe5 dxe5 11. a5 Qe7 12. O-O Be6 13. Na4 Nbd7 14. c3 Rfb8 15.
b4 b5 16. axb6 axb6 17. b5 cxb5 18. Bxb5 Ra7 19. c4 Qf8 20. Bc6 Rc7 21. Bd5
Bxd5 22. cxd5 b5 23. Nb2 Rc3 24. Qb1 Bh6 25. Nd1 Bxe3 26. Nxe3 Qd6 27. Qb2 Qc5
28. Rfc1 b4 29. Nd1 Rxc1 30. Rxc1 Qb5 31. Ne3 Qe2 32. Rc4 b3 33. Nef1 Rb7 34.
Qb1 b2 35. Rc2 Kg7 36. Ng3 Qb5 37. Nc4 Qa4 38. Rxb2 Rxb2 39. Nxb2 Qb3 40. Qc1
h5 41. h4 Ng4 42. Nd1 Nc5 43. Ne3 Nd3 44. Qd1 Qc3 45. Nxg4 hxg4 46. Nf1 Qd4 47.
Qe2 f5 48. exf5 gxf5 49. Qe3 Nf4 50. g3 Nh3+ 51. Kh2 Qxd5 52. f3 Kg6 53. fxg4
fxg4 54. Qe2 Kh5 55. Qc2 Qf7 56. Ne3 Qf2+ 57. Qxf2 Nxf2 58. Kg2 Nd3 59. Kf1 Nf4
60. Nf5 Nd5 61. Ke2 Kg6 62. Nd6 Nf6 63. Kf2 Nd5 64. Nc4 Kf5 65. Ne3+ Nxe3 66.
Kxe3 Kf6 67. Kd3 Ke7 68. Kc3 Ke6 69. Kc4 Kd6 70. Kb5 Kd5 71. Kb4 Ke4 72. h5
1/2-1/2

[Event "BL 8182 Frankfurt-Bamberg"]
[Site "?"]
[Date "1982.??.??"]
[Round "?.3"]
[White "Ruehrig, V."]
[Black "Podzielny, K."]
[Result "0-1"]
[WhiteElo "2300"]
[BlackElo "2405"]
[PlyCount "82"]
[EventDate "1982.??.??"]

1. Nf3 Nf6 2. g3 g6 3. Bg2 Bg7 4. O-O O-O 5. d3 d5 6. Nbd2 c5 7. e4 Nc6 8. Re1
d4 9. Nb3 b6 10. a4 e5 11. Nfd2 Ne8 12. a5 Rb8 13. axb6 axb6 14. f4 Nd6 15. f5
Qc7 16. g4 Nb4 17. Nf1 c4 18. Bd2 Na6 19. Nc1 Nc5 20. Ng3 Bd7 21. Rf1 Ra8 22.
Rb1 Rfc8 23. Qf3 Ba4 24. b3 cxb3 25. Nxb3 Be8 26. Nxc5 bxc5 27. Ne2 Ra2 28.
Rbc1 Ba4 29. Qh3 Rxc2 30. Rxc2 Bxc2 31. f6 Bf8 32. Bh6 Qd8 33. Bxf8 Qxf8 34.
Qg3 Qe8 35. Rc1 Bb3 36. Bh3 c4 37. Nxd4 Nxe4 38. dxe4 exd4 39. e5 Rd8 40. e6
Qxe6 41. g5 Qb6 0-1

[Event "BL 8182 Frankfurt-Bamberg"]
[Site "?"]
[Date "1982.??.??"]
[Round "?.4"]
[White "Werner, D."]
[Black "Treppner, G."]
[Result "1/2-1/2"]
[WhiteElo "2355"]
[BlackElo "2255"]
[PlyCount "34"]
[EventDate "1982.??.??"]

1. d4 Nf6 2. Nf3 d6 3. g3 g6 4. Bg2 Bg7 5. O-O O-O 6. c4 Nc6 7. Nc3 a6 8. d5
Na5 9. b3 Rb8 10. Bb2 b5 11. cxb5 axb5 12. Nd4 b4 13. Nb1 e5 14. Nc2 Qd7 15.
Nd2 Qb5 16. e4 Nd7 17. Ne3 Nc5 1/2-1/2

[Event "BL 8182 Bayern-Frankfurt"]
[Site "?"]
[Date "1982.??.??"]
[Round "?.2"]
[White "Saacke, B."]
[Black "Lobron, E."]
[Result "0-1"]
[WhiteElo "2395"]
[BlackElo "2395"]
[PlyCount "94"]
[EventDate "1982.??.??"]

1. d4 Nf6 2. Nf3 c5 3. e3 d5 4. dxc5 e6 5. c4 Bxc5 6. a3 a5 7. Nc3 O-O 8. Be2
Nc6 9. O-O h6 10. Rb1 Qe7 11. cxd5 Rd8 12. e4 exd5 13. exd5 Bf5 14. Ra1 a4 15.
Bf4 Nxd5 16. Nxd5 Qe4 17. Qc1 Rxd5 18. Bc4 Nd4 19. Bxd5 Nxf3+ 20. gxf3 Qxd5 21.
Qd1 Bd3 22. Re1 Bd4 23. Rc1 Bxb2 24. Rc2 Bf6 25. Rd2 Qf5 26. Rxd3 Qxf4 27. Re4
Qg5+ 28. Rg4 Qb5 29. Rd5 Qc6 30. Kg2 Be7 31. Qd4 g6 32. Re4 Bxa3 33. Rd8+ Rxd8
34. Qxd8+ Bf8 35. Qa8 a3 36. Re8 Qc5 37. Rc8 Qe7 38. Re8 Qg5+ 39. Kf1 Qc5 40.
Rc8 Qd6 41. Rd8 Qb4 42. Rb8 Kg7 43. Rxb7 Qf4 44. Rb8 a2 45. Rxf8 Qc1+ 46. Kg2
a1=Q 47. Rg8+ Kh7 0-1

[Event "BL 8182 Bayern-Frankfurt"]
[Site "?"]
[Date "1982.??.??"]
[Round "?.4"]
[White "Kindermann, S."]
[Black "Werner, D."]
[Result "0-1"]
[WhiteElo "2425"]
[BlackElo "2355"]
[PlyCount "80"]
[EventDate "1982.??.??"]

1. e4 e6 2. d4 d5 3. Nd2 Nf6 4. e5 Nfd7 5. c3 c5 6. f4 cxd4 7. cxd4 Nc6 8. Ndf3
Nb6 9. Bd3 Bd7 10. a3 a5 11. g4 h5 12. gxh5 Rxh5 13. Ne2 g6 14. Ng3 Rh8 15. h4
Ne7 16. h5 Nf5 17. hxg6 Rxh1+ 18. Nxh1 fxg6 19. Ng3 Qc7 20. Nxf5 gxf5 21. Ng5
O-O-O 22. Bd2 Nc4 23. Rc1 a4 24. b3 axb3 25. Qxb3 b5 26. Bb4 Qa7 27. Bxf8 Qxd4
28. Bxc4 dxc4 29. Qf3 Rxf8 30. Rd1 Qg1+ 31. Kd2 Qc5 32. Kc2 Bc6 33. Qh3 Bd5 34.
Qh6 Rd8 35. Rd2 Kb8 36. Qf6 Rd7 37. Rh2 Kb7 38. Qh8 Qxa3 39. Qe8 Be4+ 40. Nxe4
Qb3+ 0-1

[Event "BL 8182 Bayern-Frankfurt"]
[Site "?"]
[Date "1982.??.??"]
[Round "?.5"]
[White "Haakert, J."]
[Black "Bischoff, K."]
[Result "1/2-1/2"]
[WhiteElo "2305"]
[BlackElo "2365"]
[PlyCount "57"]
[EventDate "1982.??.??"]

1. g3 e5 2. Bg2 Nc6 3. d3 g6 4. c4 Bg7 5. Nc3 d6 6. Rb1 a5 7. e3 h5 8. h4 Nh6
9. Nge2 O-O 10. a3 Bg4 11. b4 axb4 12. axb4 Qd7 13. b5 Ne7 14. Bxb7 e4 15. d4
Bf3 16. Bxe4 Bxh1 17. Bxh1 Ra5 18. Nf4 Nef5 19. Bc6 Qd8 20. Bd2 Ng4 21. Qf3 Ra3
22. Nxh5 Nxd4 23. exd4 gxh5 24. Bc1 Ra7 25. Ne2 Ra2 26. Qb3 Rxe2+ 27. Kxe2 Bxd4
28. Bg5 Qc8 29. Qd3 1/2-1/2

[Event "BL 8182 Bamberg-Kettig"]
[Site "?"]
[Date "1982.??.??"]
[Round "?.1"]
[White "Weidemann, J."]
[Black "Hartmann, Wo"]
[Result "1-0"]
[WhiteElo "2285"]
[BlackElo "2275"]
[PlyCount "73"]
[EventDate "1982.??.??"]

1. e4 c5 2. Nf3 d6 3. d4 cxd4 4. Qxd4 Nc6 5. Bb5 Bd7 6. Bxc6 Bxc6 7. Nc3 Nf6 8.
Bg5 e6 9. O-O-O Be7 10. Rhe1 O-O 11. Qd2 Qc7 12. Nd4 Rfd8 13. f3 Be8 14. g4 Qc4
15. Kb1 Rdc8 16. Nce2 b5 17. Ng3 Qc7 18. Rg1 Qd8 19. Be3 Rab8 20. g5 Nd7 21. f4
Bf8 22. f5 Nc5 23. Qg2 g6 24. h4 b4 25. h5 e5 26. hxg6 fxg6 27. Ne6 Nxe6 28.
fxe6 Rc7 29. Rd2 Qc8 30. Qh3 Bc6 31. Rf1 Be8 32. Rdf2 Bg7 33. Rh1 Bh8 34. Rf7
h5 35. Nxh5 Bxf7 36. Nf6+ Bxf6 37. gxf6 1-0

[Event "BL 8182 Bayern-SKJE"]
[Site "?"]
[Date "1982.??.??"]
[Round "?.1"]
[White "Stein, B."]
[Black "Westermeier, A."]
[Result "1-0"]
[WhiteElo "2295"]
[BlackElo "2320"]
[PlyCount "55"]
[EventDate "1982.??.??"]

1. e4 c5 2. c3 Nf6 3. e5 Nd5 4. d4 cxd4 5. Qxd4 e6 6. Nf3 Nc6 7. Qe4 f5 8. exf6
Nxf6 9. Qc2 Qc7 10. Bg5 Ne5 11. Nbd2 b6 12. O-O-O Bb7 13. Bb5 a6 14. Be2 Ng6
15. Rhe1 Bc5 16. Nb3 Be7 17. Rd4 b5 18. Bd3 Bxf3 19. Bxg6+ hxg6 20. Qxg6+ Kf8
21. gxf3 e5 22. Rd2 Rxh2 23. Nd4 Nh5 24. Bxe7+ Kxe7 25. Nf5+ Kf8 26. Nd6 Kg8
27. Rxe5 Nf6 28. Rg5 1-0